V máji sa dynamika rastu reklamných výdavkov v médiách ustálila Z výsledkov monitorovania reklamných aktivít GfK-Slovakia

Porovnanie výdavkov za reklamu na Slovensku v mesiaci máji v roku 1993 a 1994.

Guardado en:
Detalles Bibliográficos
Autor principal: Lechnický, Milan
Formato: Capítulo de libro
Lenguaje:eslovaco
Materias:
Etiquetas: Agregar Etiqueta
Sin Etiquetas, Sea el primero en etiquetar este registro!

MARC

LEADER 00000naa a2200000 4500
001 r015520
005 20221205091416.3
041 0 |a slo 
044 |a SK 
245 1 0 |a V máji sa dynamika rastu reklamných výdavkov v médiách ustálila  |b Z výsledkov monitorovania reklamných aktivít GfK-Slovakia  |c M. Lechnický 
520 |a Porovnanie výdavkov za reklamu na Slovensku v mesiaci máji v roku 1993 a 1994. 
610 2 0 |a reklama 
610 2 0 |a výdavky 
610 2 0 |a 1993 
610 2 0 |a 1994 
610 2 0 |a máj 
610 2 0 |a prostriedky masovokomunikačné 
610 2 0 |a televízia 
610 2 0 |a rozhlas 
610 2 0 |a noviny 
610 2 0 |a časopisy 
610 2 0 |a údaje štatistické 
610 2 0 |a Slovensko 
100 1 |a Lechnický, Milan